At Hitler´s Side : (Record no. 28687)

MARC details
000 -LEADER
campo de control de longitud fija 00577nam a22002057a 4500
001 - NÚMERO DE CONTROL
campo de control 00028654
005 - FECHA Y HORA DE LA ÚLTIMA TRANSACCIÓN
campo de control 20260326153022.0
008 - DATOS DE LONGITUD FIJA--INFORMACIÓN GENERAL
campo de control de longitud fija 260326b ag ||||| |||| 00| 0 spa d
020 ## - NÚMERO INTERNACIONAL ESTÁNDAR DEL LIBRO
Número Internacional Estándar del Libro 9781848325852
040 ## - FUENTE DE CATALOGACIÓN
Lengua de catalogación Inglés
Centro/agencia transcriptor AR-CcCEOS
041 ## - CÓDIGO DE IDIOMA
Código de lengua del texto/banda sonora o título independiente Inglés
080 ## - NÚMERO DE LA CLASIFICACIÓN DECIMAL UNIVERSAL
Número de la Clasificación Decimal Universal 982
090 ## - LOCALMENTE ASIGNADO TIPO-LC NÚMERO DE CLASIFICACIÓN (OCLC); NÚMERO DE CLASIFICACIÓN LOCAL (RLIN)
Número cutter local (OCLC) ; Número de libro/Signatura topográfica íntegra, CALL (RLIN) VON
100 ## - ENTRADA PRINCIPAL--NOMBRE DE PERSONA
Nombre de persona Nicolaus Von Below
9 (RLIN) 976
245 ## - MENCIÓN DEL TÍTULO
Título At Hitler´s Side :
Resto del título The Memoirs of Hitler´s Luftwaffe Adjutant 1937-1945 /
Mención de responsabilidad, etc. Nicolaus Von Below
264 ## - PRODUCCIÓN, PUBLICACIÓN, DISTRIBUCIÓN, FABRICACIÓN Y COPYRIGHT
Producción, publicación, distribución, fabricación y copyright Germany :
Nombre del de productor, editor, distribuidor, fabricante Hase & Koehler,
Fecha de producción, publicación, distribución, fabricación o copyright c1980.
300 ## - DESCRIPCIÓN FÍSICA
Extensión 256 p. ;
Dimensiones 24x15 cm.
650 #0 - PUNTO DE ACCESO ADICIONAL DE MATERIA--TÉRMINO DE MATERIA
Término de materia o nombre geográfico como elemento de entrada historia
9 (RLIN) 90
942 ## - ELEMENTOS DE ENTRADA SECUNDARIOS (KOHA)
Fuente de la clasificación o esquema de estantería Clasificación decimal universal
Tipo de ítem Koha Libros
Suprimir en OPAC No
Holdings
Estatus retirado Estado de pérdida Fuente de la clasificación o esquema de estantería Estado de daño No para préstamo Biblioteca de origen Biblioteca actual Fecha de adquisición Número de inventario Total de préstamos Signatura topográfica completa Información codificada de la localización en otra ubicación Colección Código de barras Visto por última vez Precio de reemplazo Tipo de ítem Koha
    Clasificación decimal universal     Biblioteca Julio Serebrinsky Biblioteca Julio Serebrinsky 26/03/2026 46223   982 VON SER 46223 26/03/2026 26/03/2026 Libros